Elden Ring: Shadow of The Erdtree Locations - Statistics

General Stats
  • This quiz has been taken 103 times
  • The average score is 9 of 12
Answer Stats
Picture Answer % Correct
Shadow Keep
88%
Gravesite Plain
85%
Jagged Peak
85%
Cerulean Coast
78%
Enir-Ilim
78%
Scadu Altus
77%
Belurat, Tower Settlement
76%
Abyssal Woods
73%
Ancient Ruins of Rauh
73%
Hinterland
67%
Stone Coffin Fissure
60%
Charo's Hidden Grave
58%
No matching quizzes found
Score Distribution
Percent of People with Each Score
Percentile by Number Answered
Your Score History
You have not taken this quiz